000 00715nam a2200193Ii 4500
003 JO-AjNU
008 230605s9999||||xx |||||||||||||| ||und||
040 _aJO-AjNU
_bara
_erda
_cJO-AjNU
041 _aara
050 1 4 _aPJ6161 1900
100 3 _aطبل، حسن,
_eauthor
_924289
245 0 0 _aعلم المعاني في الموروث البلاغي تأصيل وتقييم
264 3 1 _aالقاهرة: مكتبة الإيمان بالمنصورة، 1900
300 _a199ص
336 _atext
_btxt
_2rdacontent
337 _aunmediated
_bn
_2rdamedia
338 _avolume
_bnc
_2rdacarrier
650 4 _aعلم المعاني في الموروث البلاغي تأصييل وتقييم-البلاغة
_924290
999 _aA8921
_c12489
_d12489